Hasse-Studien 5
Shranjeno v:
| Main Authors: | , |
|---|---|
| Format: | Knjiga |
| Jezik: | nemščina |
| Izdano: |
Stuttgart
Carus-Verlag
2002
|
| Teme: | |
| Oznake: |
Označite
Brez oznak, prvi označite!
|
MARC
| LEADER | 00000nam a2200000 a 4500 | ||
|---|---|---|---|
| 001 | UCH0173 | ||
| 003 | CL-VaPUC | ||
| 008 | 090108e20020000GW |||||||||||||||||ger|d | ||
| 020 | |a 3923053983 | ||
| 082 | 0 | 4 | |a 780.943 |b HOS |2 21 |
| 100 | |a Hochstein, Wolfgang |e author |9 593609 | ||
| 700 | 0 | |a Wiesend, Reinhard |e author |9 534313 | |
| 245 | 1 | 0 | |a Hasse-Studien 5 |
| 300 | |a 94 p | ||
| 942 | |c BK | ||
| 945 | |d 20090108 00:00:00 |a jtorresc | ||
| 260 | |a Stuttgart |b Carus-Verlag |c 2002 | ||
| 650 | 0 | |a Compositores alemanes |9 324765 | |
| 650 | 0 | |a Músicos alemanes |9 306627 | |
| 650 | 0 | |a Instrumentos musicales |9 306600 | |
| 650 | 7 | |a FUENTES MUSICALES |2 CL-VaPUC |9 534314 | |
| 650 | 0 | |a Partituras |9 324008 | |
| 583 | |a last modification |c 20130104 09:37:26 |k Rodrigo Vera | ||
| 999 | |c 332534 |d 332532 | ||
| 952 | |0 0 |1 0 |4 0 |6 780_943000000000000_HOS_2002 |7 0 |8 A |9 420321 |a BIBEDU |b BIBEDU |d 2019-11-22 |i 4510232 |o 780.943 HOS 2002 |p 4510232 |r 2023-01-12 |w 2019-11-22 |y BK |k MUS | ||